Historia de la Argentina (Record no. 25668)

MARC details
000 -LEADER
campo de control de longitud fija 00600ntaaa2200181 4500
003 - IDENTIFICADOR DE NÚMERO DE CONTROL
campo de control 01
005 - FECHA Y HORA DE LA ÚLTIMA TRANSACCIÓN
campo de control 20251027203028.0
008 - DATOS DE LONGITUD FIJA--INFORMACIÓN GENERAL
campo de control de longitud fija 0714s1973 ag 01
040 ## - FUENTE DE CATALOGACIÓN
Centro catalogador/agencia de origen AR-BaBN
Lengua de catalogación spa
Centro/agencia transcriptor AR-BaBN
Normas de descripción aacr
Centro/agencia modificador RIC
082 ## - NÚMERO DE LA CLASIFICACIÓN DECIMAL DEWEY
Número de clasificación 982.0000 Si1h
100 ## - ENTRADA PRINCIPAL--NOMBRE DE PERSONA
Nombre de persona Sierra, Vicente D
9 (RLIN) 30650
245 ## - MENCIÓN DEL TÍTULO
Título Historia de la Argentina
250 ## - MENCION DE EDICION
Mención de edición 4 ed.
260 ## - PUBLICACIÓN, DISTRIBUCIÓN, ETC.
Lugar de publicación, distribución, etc. Buenos Aires :
Nombre del editor, distribuidor, etc. Científica Argentina,
Fecha de publicación, distribución, etc. 1960
300 ## - DESCRIPCIÓN FÍSICA
Extensión 10 tomos
500 ## - NOTA GENERAL
Nota general T.I 1492-1600: T.II 1600-1700: T.III 1700-1800: T.IV 1800-1810: T.V 1810-1813: T.VI 1813-1819: T.VII 1819-1829: T.VIII 1829-1840: T.IX 1840-1852: T.X 1852-1862
942 ## - ELEMENTOS DE ENTRADA SECUNDARIOS (KOHA)
Tipo de ítem Koha Colección General
Holdings
Estatus retirado Estado de pérdida Estado de daño No para préstamo Biblioteca de origen Biblioteca actual Fecha de adquisición Número de inventario Total de préstamos Signatura topográfica completa Código de barras Visto por última vez Precio de reemplazo Tipo de ítem Koha
        Biblioteca Pluis Biblioteca Pluis 27/10/2025 35566   982.0000 Si1h 35566 27/10/2025 27/10/2025 REFERENCIA
        Biblioteca Pluis Biblioteca Pluis 27/10/2025 35567     35567 27/10/2025 27/10/2025 Colección General
        Biblioteca Pluis Biblioteca Pluis 27/10/2025 35568     35568 27/10/2025 27/10/2025 Colección General
        Biblioteca Pluis Biblioteca Pluis 27/10/2025 35569     35569 27/10/2025 27/10/2025 Colección General
        Biblioteca Pluis Biblioteca Pluis 27/10/2025 35570     35570 27/10/2025 27/10/2025 Colección General
        Biblioteca Pluis Biblioteca Pluis 27/10/2025 35571     35571 27/10/2025 27/10/2025 Colección General
        Biblioteca Pluis Biblioteca Pluis 27/10/2025 35572     35572 27/10/2025 27/10/2025 Colección General
        Biblioteca Pluis Biblioteca Pluis 27/10/2025 36212     36212 27/10/2025 27/10/2025 Colección General
        Biblioteca Pluis Biblioteca Pluis 27/10/2025 35573     35573 27/10/2025 27/10/2025 Colección General
        Biblioteca Pluis Biblioteca Pluis 27/10/2025 35574     35574 27/10/2025 27/10/2025 Colección General